000
00416nam a22001337a 4500
020
_a
9781462519583
082
_a
616.89075
100
_a
Julie A. Suhr
245
_a
Psychological Assessment
260
_a
New York
_b
The guilford press
_c
2015
300
_a
308p
942
_c
BK
999
_c
3438
_d
3438